Sports Quiz

Random Sports or MLB Quiz

Most HR's in a Single Home Run Derby Quiz Stats

 Plays Quiz not verified by Sporcle

Challenge
Share
Tweet
Embed
Score 0/35 Timer 05:00
1 Play Today
HR Player % Correct
55Kyle Schwarber
100%
37Rhys Hoskins
100%
45Bryce Harper
100%
61Giancarlo Stanton
96.5%
47Aaron Judge
88.9%
39Todd Frazier
88.4%
26Sammy Sosa
88.4%
42Todd Frazier
88.4%
32David Ortiz
87.2%
24Bryce Harper
86%
23Ryan Howard
86%
35Josh Hamilton
83.7%
28Prince Fielder
82.6%
23Prince Fielder
82.6%
32Yoenis Céspedes
73.3%
28Yoenis Céspedes
73.3%
26Albert Pujols
73.3%
41Bobby Abreu
72.1%
HR Player % Correct
32Robinson Canó
72.1%
24Jason Giambi
72.1%
23Jason Giambi
72.1%
30Mark Trumbo
70.9%
26Hanley Ramirez
68.6%
32Miguel Sanó
66.7%
27Gary Sánchez
66.7%
31Adrian Gonzalez
64%
39Joc Pederson
62.8%
27Cody Bellinger
61.1%
22David Wright
59.4%
27Miguel Tejada
59.3%
22Justin Bour
55.6%
22Justin Morneau
53.1%
22Lance Berkman
50%
26Adam Duvall
46.9%
29Max Muncy
0%

You're not logged in!

Compare scores with friends on all Sporcle quizzes.
Join for Free
OR
Log In

You Might Also Like...

Show Comments

Extras

Top Quizzes Today


Score Distribution

Your Account Isn't Verified!

In order to create a playlist on Sporcle, you need to verify the email address you used during registration. Go to your Sporcle Settings to finish the process.

Report this User

Report this user for behavior that violates our Community Guidelines.

Details: